000 00887nam a2200265Ia 4500
003 OSt
005 20220923211442.0
006 a|||||r|||| 00| 0
007 ta
008 220922b |||||||| |||| 00| 0 hin d
020 _a9789350008959 (hbk)
_c495
024 _a263,938
037 _b1869, 16/07/2012, Kiran Book Service
_cTextual
040 _aARTS
_cARTS
_bhin
041 _2hin
_ahin
082 _aX:513, 152Q2
100 _aसेठी, रेखा
245 0 _aविज्ञापन डॉट कॉम
246 _aVijnyāpan ḍaॉṭ kaॉma
260 _aनयी दिल्ली
_b वाणी प्रकाशन
_c2012
300 _a310पृ.
_ccm.
650 _aअर्थशास्त्र
942 _hX:513, 152Q2
_cTEXL
_2CC
999 _c299671
_d299671